Virology monographs = die Virusforschung in Einzeldarstellungen.

Bibliographic Details
Other Authors: Gard, S. (Editor), Hallaver, Curt, 1900- (Editor), Meyer, K. F. (Karl Friedrich), 1884-1974 (Editor)
Format: Serial
Language:English
Published: Wien : Springer, 1968-
Subjects:
Online Availability: Check for online availability

MARC

Tag First Indicator Second Indicator Subfields
LEADER 00000cas a2200000Ki 4500
001 in00003598113
005 20170928104825.0
006 m o d
007 cr bn||||||abp
007 cr bn||||||ada
008 100321d19681981au x moo 0 a0eng d
022 |y 0083-6591  |l 0083-6591 
035 |a (OCoLC)ocn563678010 
035 |a (OCoLC)563678010 
040 |a OCLCE  |b eng  |e rda  |e pn  |c OCLCE  |d OCLCQ  |d OCLCF  |d OCLCO  |d WAU  |d TXA  |d UtOrBLW 
042 |a dlr 
049 |a TXAM 
050 4 |a QR360  |b .V52 Electronic 
060 4 |a W1  |b VI83 
082 0 4 |a 616.92  |b V819 
245 0 0 |a Virology monographs =  |b die Virusforschung in Einzeldarstellungen. 
246 1 1 |a Virusforschung in Einzeldarstellungen 
246 1 |a Virol. monogr. 
246 3 1 |a Die Virusforschung in Einzeldarstellungen. 
264 1 |a Wien :  |b Springer,  |c 1968- 
264 4 |c ©1968- 
310 |a Irregular 
336 |a text  |b txt  |2 rdacontent 
337 |a computer  |b c  |2 rdamedia 
338 |a online resource  |b cr  |2 rdacarrier 
362 1 |a Began with: 1 copyrighted 1968; ceased with: 18 copyrighted 1981. 
500 |a Editor: 1968- S. Gard, C. Hallaver and K.F. Meyer. 
506 |3 Use copy  |f Restrictions unspecified  |2 star  |5 MiAaHDL 
533 |a Electronic reproduction.  |b [S.l.] :  |c HathiTrust Digital Library,  |d 2010.  |5 MiAaHDL 
583 1 |a digitized  |c 2010  |h HathiTrust Digital Library  |l committed to preserve  |2 pda  |5 MiAaHDL 
588 |a Description based on: 1 copyrighted 1968; title from PDF title page (SpringerLink, viewed November 9, 2015). 
588 |a Last issue consulted: 18 copyrighted 1981 (SpringerLink, viewed November 9, 2015). 
650 0 |a Virology.  |0 http://id.loc.gov/authorities/subjects/sh85143799 
650 0 |a Virology  |x Research.  |0 http://id.loc.gov/authorities/subjects/sh85143803 
650 2 |a Virology.  |0 https://id.nlm.nih.gov/mesh/D014773 
655 2 |a Periodicals. 
650 7 |a Virology.  |2 fast  |0 (OCoLC)fst01167670 
650 7 |a Virology  |x Research.  |2 fast  |0 (OCoLC)fst01167675 
700 1 |a Gard, S.,  |e editor. 
700 1 |a Hallaver, Curt,  |d 1900-  |e editor. 
700 1 |a Meyer, K. F.  |q (Karl Friedrich),  |d 1884-1974,  |e editor.  |0 http://id.loc.gov/authorities/names/no00000391 
776 0 8 |i Print version:  |t Virology monographs  |x 0083-6591  |w (DLC) 68121222  |w (OCoLC)4053391 
948 |a cataloged  |b h  |c 2015/11/9  |d c  |e spoltoratski  |f 3:05:01 pm  |g NCF 
994 |a C0  |b TXA 
999 f f |s 8e0c6803-b3b9-3afe-b85a-fa12731fef80  |i cf4612a7-7cd2-380f-8259-34826675b1df  |t 0 
952 f f |a Texas A&M University  |b College Station  |c Electronic Resources  |d Available Online  |t 0  |e QR360 .V52  |g Electronic  |h Library of Congress classification 
998 f f |a QR360 .V52  |t 0  |l Available Online